00358nam a2200109 a 450000500170000000800410001705000170005810000200007524500280009599900190012395201060014220140414132034.0110315s19uu xx 00 eng d aTRbR87 1986 aHofmann, Ginnie aThe runaway teddy bear. c113681d113681 001040aMUbMUcTRd2011-03-15eBkRewardl0oTR R87 1986pM5299r2014-04-14 00:00:00w2014-04-14yBK